Elecciones Generales: Costa Rica 1 de febrero de 1998 /
Đã lưu trong:
| Tác giả chính: | |
|---|---|
| Định dạng: | Texto |
| Những chủ đề: | |
| Các nhãn: |
Thêm thẻ
Không có thẻ, Là người đầu tiên thẻ bản ghi này!
|
MARC
| LEADER | 00000 a a2200000 04500 | ||
|---|---|---|---|
| 001 | 2004 | ||
| 003 | |||
| 040 | |||
| 100 | |a Rovira Mas, Jorge | ||
| 245 | |a Elecciones Generales: |b Costa Rica 1 de febrero de 1998 / |c Jorge Rovira Mas | ||
| 650 | |a ELECCIONES | ||
| 650 | |a PARTIDOS POLITICOS | ||
| 650 | |a SISTEMAS ELECTORALES | ||
| 773 | |g número 19; páginas 9-70 | ||
| 999 | |c 23032 |d 23032 | ||
